000 00560nam a22001817a 4500
003 0
005 20231117082346.0
008 231117b xxu||||| |||| 00| 0 eng d
020 _a978-621-406-229-4
050 _aHQ 769
_b.An54 2023
100 _aAng, Jaime Gutierrez
245 _aEthics 101: an exploration on the concept of right and wrong
_c Jaime Gutierrez Ang
260 _aManila
_bMindshapers Co., Inc.
_cc2023.
300 _avi, 128 pages ;
_c26 cm.
504 _aIncludes bibliographical references.
650 _aEthics.
942 _2lcc
_cBK
999 _c365612
_d365612